000 00295nam a22001337a 4500
008 170302b xxu||||| |||| 00| 0 eng d
020 _a9781901346183
041 _aeng
080 _a575
100 _a6
101 _aSHM
245 _aGENETICS FOR ENDOCRINOLOGISTS
_cGLASER, B
942 _2udc
_cBK
999 _c6626
_d6626